Into the groove (Record no. 114798)

MARC details
000 -LEADER
fixed length control field 00547 a2200169 4500
005 - DATE AND TIME OF LATEST TRANSACTION
control field 20260417094704.0
008 - FIXED-LENGTH DATA ELEMENTS--GENERAL INFORMATION
fixed length control field 251110b |||||||| |||| 00| 0 eng d
020 ## - INTERNATIONAL STANDARD BOOK NUMBER
International Standard Book Number 9781472979834
080 ## - UNIVERSAL DECIMAL CLASSIFICATION NUMBER
Universal Decimal Classification number 78.036
Item number SCO/I
100 ## - MAIN ENTRY--PERSONAL NAME
Personal name Scott, Jonathan
245 ## - TITLE STATEMENT
Title Into the groove
Remainder of title : the story of sound from tin foil to vinyl
260 ## - PUBLICATION, DISTRIBUTION, ETC. (IMPRINT)
Name of publisher, distributor, etc Bloomsbury
Place of publication, distribution, etc London
Date of publication, distribution, etc 2024
300 ## - PHYSICAL DESCRIPTION
Extent 320p.
653 ## - INDEX TERM--UNCONTROLLED
Uncontrolled term Sound recording - Audio technology - Music history
653 ## - INDEX TERM--UNCONTROLLED
Uncontrolled term Vinyl records - Recording industry - Sound reproduction - Music evolution
942 ## - ADDED ENTRY ELEMENTS (KOHA)
item type Books
Holdings
Lost status Source of classification or shelving scheme Not for loan Home library Current library Shelving location Date acquired Cost, normal purchase price Total Checkouts Full call number Barcode Date last seen Cost, replacement price Price effective from Koha item type
  Universal Decimal Classification Not For Loan University Library University Library On Display 15/03/2025 639.20   78.036 SCO/I 00097151 15/03/2025 799.00 15/03/2025 Books
University Library, CUSAT